Pokémon - Mega oder Gigadynamax? - Statistiken

Allgemein
  • Dieses Quiz wurde 186 mal gespielt
  • Das Durchschnittsergebnis liegt bei 11 aus 13
Antwortstatistiken
Frage Antwort % Korrekt
Bibor Mega-Form
100%
Machomei Gigadynamax-Form
96%
Lucario Mega-Form
96%
Smettbo Gigadynamax-Form
94%
Kangama Mega-Form
94%
Mewtu Mega-Form
94%
Lugia Keine
92%
Despotar Mega-Form
88%
Lapras Gigadynamax-Form
86%
Deponitox Gigadynamax-Form
86%
Libelldra Keine
82%
Togekiss Keine
76%
Raichu Keine
65%
Keine übereinstimmenden Quizze gefunden
Verteilung der Resultate
Anzahl Personen mit jedem Resultat
Perzentil nach korrekt beantworteten Fragen
Ihre Resultats-Entwicklung
Sie haben dieses Quiz noch nicht gespielt